ბათუმის შოთა რუსთაველის სახელმწიფო უნივერსიტეტის ბიბლიოთეკა

ქარვისფერი ყელსაბამი (ბიბ.ჩანაწერი № 50252)

000 -LEADER
fixed length control field 00726nam a2200229Ia 4500
001 - CONTROL NUMBER
control field 17190
003 - CONTROL NUMBER IDENTIFIER
control field GE_BSU
008 - FIXED-LENGTH DATA ELEMENTS--GENERAL INFORMATION
fixed length control field 181216s||||||||xx |||||||||||||| ||und||
040 ## - CATALOGING SOURCE
Transcribing agency GE_BSU
080 ## - UNIVERSAL DECIMAL CLASSIFICATION NUMBER
Universal Decimal Classification number 821.161.1-31
100 ## - MAIN ENTRY--PERSONAL NAME
Personal name პოგოდინი, ნ.
245 ## - TITLE STATEMENT
Title ქარვისფერი ყელსაბამი
245 ## - TITLE STATEMENT
Remainder of title რომანი
245 ## - TITLE STATEMENT
Statement of responsibility, etc. თარგმ. თ. გურგენიძემ და გ. ქაჯაიამ
260 ## - PUBLICATION, DISTRIBUTION, ETC.
Place of publication, distribution, etc. თბილისი
260 ## - PUBLICATION, DISTRIBUTION, ETC.
Name of publisher, distributor, etc. ნაკადული
260 ## - PUBLICATION, DISTRIBUTION, ETC.
Date of publication, distribution, etc. 1965
300 ## - PHYSICAL DESCRIPTION
Extent 291გვ. ; 21სმ..
653 ## - INDEX TERM--UNCONTROLLED
Uncontrolled term რომანი
653 ## - INDEX TERM--UNCONTROLLED
Uncontrolled term ქარვისფერი ყელსაბამი
942 ## - ADDED ENTRY ELEMENTS (KOHA)
Koha item type წიგნი
ეგზემპლარები
Withdrawn status Lost status Damaged status Not for loan Date acquired Barcode Date last seen Price effective from Koha item type
        2018-12-17 21468 2018-12-17 2018-12-17 წიგნი
        2018-12-17 21469 2018-12-17 2018-12-17 წიგნი
        2018-12-17 21470 2018-12-17 2018-12-17 წიგნი
        2018-12-17 21471 2018-12-17 2018-12-17 წიგნი
        2018-12-17 21472 2018-12-17 2018-12-17 წიგნი